000 00282nam a2200121Ia 4500
008 191206s9999 xx 000 0 und d
090 _aN72.H35
245 0 _asocial history of art
260 _aKnopf
260 _cc1951
300 _a2 v. : ill. ; 25 cm.
999 _c16918
_d16918